Willibald, el fortachón / (Registro nro. 6940)
[ vista simple ]
| 000 -LEADER | |
|---|---|
| fixed length control field | 01106nam a22003137a 4500 |
| 003 - CONTROL NUMBER IDENTIFIER | |
| control field | OSt |
| 005 - DATE AND TIME OF LATEST TRANSACTION | |
| control field | 20250710113458.0 |
| 008 - FIXED-LENGTH DATA ELEMENTS--GENERAL INFORMATION | |
| fixed length control field | 201020s1994 sp a|||br|||| 00| fdspa d |
| 020 ## - INTERNATIONAL STANDARD BOOK NUMBER | |
| International Standard Book Number | 842363597x |
| 040 ## - CATALOGING SOURCE | |
| Original cataloging agency | CO-JMCR |
| Transcribing agency | CO-JMCR |
| 041 1# - LANGUAGE CODE | |
| Language code of text/sound track or separate title | spa |
| Language code of original | ger |
| 082 04 - DEWEY DECIMAL CLASSIFICATION NUMBER | |
| Classification number | N |
| Item number | FAHw |
| Edition number | 23 |
| 100 1# - MAIN ENTRY--PERSONAL NAME | |
| Personal name | Fährmann, Willi, |
| Relator term | autor |
| 9 (RLIN) | 11712 |
| 245 1# - TITLE STATEMENT | |
| Title | Willibald, el fortachón / |
| Statement of responsibility, etc. | Willi Fährmann ; ilustración de Doménec Bladé ; traducción de Natalia Guillament |
| 250 ## - EDITION STATEMENT | |
| Edition statement | 5°. edición |
| 260 ## - PUBLICATION, DISTRIBUTION, ETC. | |
| Place of publication, distribution, etc. | Barcelona : |
| Name of publisher, distributor, etc. | Edebé, |
| Date of publication, distribution, etc. | 1994 |
| 300 ## - PHYSICAL DESCRIPTION | |
| Extent | [163] páginas : |
| Other physical details | ilustraciones a blanco y negro ; |
| Dimensions | 17 cm. |
| 490 0# - SERIES STATEMENT | |
| Series statement | Tucán ; |
| Volume/sequential designation | 43 |
| 500 ## - GENERAL NOTE | |
| General note | Título original: Der überaus starke Willibald |
| 500 ## - GENERAL NOTE | |
| General note | Incluye datos biográficos del autor. |
| 521 ## - TARGET AUDIENCE NOTE | |
| Target audience note | A partir de 9 años |
| 546 ## - LANGUAGE NOTE | |
| Language note | Traducido del alemán. |
| 650 14 - SUBJECT ADDED ENTRY--TOPICAL TERM | |
| Topical term or geographic name entry element | Novela infantil alemana |
| 9 (RLIN) | 11713 |
| 650 14 - SUBJECT ADDED ENTRY--TOPICAL TERM | |
| Topical term or geographic name entry element | Literatura infantil alemana |
| 9 (RLIN) | 1509 |
| 650 14 - SUBJECT ADDED ENTRY--TOPICAL TERM | |
| Topical term or geographic name entry element | Ratones en la literatura |
| 9 (RLIN) | 11714 |
| 700 1# - ADDED ENTRY--PERSONAL NAME | |
| Personal name | Bladé, Doménec, |
| Relator term | ilustrador |
| 9 (RLIN) | 11715 |
| 700 1# - ADDED ENTRY--PERSONAL NAME | |
| Personal name | Guillament, Natalia, |
| Relator term | traductora |
| 9 (RLIN) | 11716 |
| 942 ## - ADDED ENTRY ELEMENTS (KOHA) | |
| Source of classification or shelving scheme | Dewey Decimal Classification |
| Koha item type | Books |
| Withdrawn status | Lost status | Source of classification or shelving scheme | Damaged status | Not for loan | Collection code | Home library | Current library | Date acquired | Source of acquisition | Total Checkouts | Total Renewals | Full call number | Barcode | Date last seen | Date last checked out | Copy number | Price effective from | Koha item type | Public note |
|---|---|---|---|---|---|---|---|---|---|---|---|---|---|---|---|---|---|---|---|
| Dewey Decimal Classification | Fiction | Biblioteca Pública José María del Castillo y Rada | Biblioteca Pública José María del Castillo y Rada | 10/02/2020 | Donación | 3 | 1 | N FAHw | 201810053 | 03/31/2026 | 03/31/2026 | Ej.1 | 10/20/2020 | Books | Exilibris: Nota en la portada "Ma. Daniela de la Rosa. 3D" |